| 000 | 00861 a2200229 4500 | ||
|---|---|---|---|
| 001 | 48778 | ||
| 005 | 20260407155753.0 | ||
| 008 | 260407a1985 arg spa d | ||
| 003 | AR-UNSa-BCEJYS | ||
| 040 |
_aAR-UNSa-BCEJYS _bspa _cAR-UNSa-BCEJYS |
||
| 080 |
_a658.012 _xMétodos (Management...) |
||
| 245 | 1 | 0 | _aIngeniera de métodos |
| 020 | _a968-18-0585-2 | ||
| 264 | 1 |
_aMéxico : _bLimusa _c1985 |
|
| 300 |
_a543 p. _c23 cm. |
||
| 505 | _a1. El proceso de diseño - 2. Introducción a la ingeniería de métodos - 3. Diseño de métodos - 4. Medición del trabajo - 5. Problemas especiales de la ingeniería de métodos - 6. Administración de la función de la ingeniería de métodos. | ||
| 942 | _cBK | ||
| 590 | _aniveau_biblio:m niveau_hierar:0 | ||
| 100 | 1 | _aKrick, Edward V. | |
| 700 | 1 | _aNiño Novo, Armando | |
| 700 | 1 | _aDe la Serna, Dagoberto | |
| 999 |
_c4715 _d4715 |
||